| 000 | 00650nam a22002297a 4500 | ||
|---|---|---|---|
| 003 | OSt | ||
| 005 | 20140310181706.0 | ||
| 008 | 121122t xxu||||| |||| 00| 0 eng d | ||
| 020 | _a0553480634 | ||
| 050 |
_aPZ 7 _b.St849 1992 |
||
| 082 |
_aKF St4svn _b#4 |
||
| 100 |
_aStewart, Molly Mia _93765 |
||
| 245 |
_aThe Case of the Christmas Thief/ _cMolly Mia Stewart ; created by: Francine Pascal ; illustrated by: Ying-Hwa Hu |
||
| 260 |
_aNew York: _bBantam Books, _cc1992. |
||
| 300 |
_g86 p. ; _b19 cm. |
||
| 541 | _j1 | ||
| 541 | _j2 | ||
| 541 | _j3 | ||
| 562 | _e3 | ||
| 650 |
_aFiction. _9746 |
||
| 942 |
_2lcc _cBK-KF _kKF |
||
| 999 |
_c1339 _d1339 |
||